Multiple Choice City Quiz – Ocean City, MD - Statistics

General Stats
  • This quiz has been taken 43 times
  • The average score is 6 of 10
Answer Stats
Question Answer % Correct
Ocean City's nickname is, "The White Marlin Capital of the World". What's a White Marlin? Fish
87%
Which of these symbols DOES NOT come from Ocean City Maryland?
77%
Ocean City is part of a metropolitan area with another city. What is the city? Salisbury, Maryland
74%
What century was Ocean City made in? 19th Century
58%
In 2006, Ocean City erected the Ocean City Firefighter's Memorial to honor who? Firefighters who lost their lives in the 9/11 attacks.
58%
The bay near Ocean City is named after an island/isle in the United Kingdom. Which? Isle of Wight
55%
What county of Maryland is Ocean City on? Worcester County
52%
The oldest hotel in Ocean City goes to...? Atlantic Hotel
48%
What island is Ocean City mainly on? Fenwick Island
39%
Which hurricane never went to Ocean City? Hurricane Irene
13%
No matching quizzes found
Score Distribution
Percent of People with Each Score
Percentile by Number Answered
Your Score History
You have not taken this quiz